LEADER 01063nam0-22002891i-450- 001 990008631350403321 005 20080310153428.0 035 $a000863135 035 $aFED01000863135 035 $a(Aleph)000863135FED01 035 $a000863135 100 $a20080310d2003----km-y0itay50------ba 101 0 $aita 102 $aIT 105 $aa---a---101yy 200 1 $aRegione campania AGC sviluppo attivitą settore primario P.O.R. 2000-2006$emisure cofinanziate dal Feoga e dallo Slop; circolari applicative, provvedimentiamministrativi e protocolli d'intesa adottati per regolare l'attuazione degli interventi alla data 30 settembre 2003$fRegione Campania 210 $aDragoni$cIMAGO MEDIA$d2003 215 $a214 p.$d24 cm 225 1 $aDocumenti$v24 710 02$aCampania$c$0270004 801 0$aIT$bUNINA$gRICA$2UNIMARC 901 $aBK 912 $a990008631350403321 952 $a62 338.43 REG$b10047$fDAGEA 959 $aDAGEA 996 $aRegione campania AGC sviluppo attivitą settore primario P.O.R. 2000-2006$9714200 997 $aUNINA